000 00748cam a2200253 4500
008 090401t1987 xxu||||| |||| 00| 0 eng d
020 _a0851252370
035 _a(Sirsi) u11786
041 _aeng
050 _a693.97
110 _aBuilding Research Establishment
245 _aDorlonco steel framed houses.
260 _aGarston, Watford
_bBuilding Research Establishment
_c1987
300 _aiv,13p. : ill. ; 30cm.
350 _a8
490 _aBRE Building Renewal
_v110
490 _aBuilding
_v110 Research Establishment Report
650 _aDORLONCO STEEL FRAMED HOUSES
650 _aDORMAN LONG AND CO LTD.
650 _aPREFABRICATION
690 _aBUILT ENVIRONMENT-BUILDING PATHOLOGY
942 _n0
948 _c04/03/1997
999 _c86914
_d86914